| 000 | 00681nam a2200169 i 4500 | ||
|---|---|---|---|
| 001 | 182365 | ||
| 003 | ES-MaACL | ||
| 005 | 20250801063048.0 | ||
| 008 | 130806s1984 mx |||| | spa d | ||
| 100 | 1 |
_aZavala, Silvio, _d1909-2014 _9118108 |
|
| 245 | 1 | 0 |
_aPalabras pronunciadas con motivo de la imposición de la Gran Cruz de Alfonso X el Sabio al dr. Silvio Zavala, el día 12 de abril de 1984 / _ccontestación de Silvio Zavala... |
| 260 |
_aMéxico : _bColegio Nacional, _c1984. |
||
| 300 |
_aP. [247]-252 ; _c22 cm. |
||
| 595 | _aSeparata de: Memoria de El Colegio Nacional, Tomo X, nº 3, año 1984. | ||
| 852 |
_aES-MaACL _j2319-F-29 |
||
| 999 |
_c182365 _d182365 |
||